Select all countries that ... - Statistics

General Stats
  • This quiz has been taken 158 times
  • The average score is 30 of 40
Answer Stats
Question Tile Select % Correct
countries in Asia Comoros No
99%
countries in Asia Venezuela No
99%
countries having a monarch Colombia No
98%
countries with green in their flag Finland No
98%
countries in Asia Belarus No
97%
countries in Asia Cambodia Yes
97%
countries in Asia Mauritius No
95%
countries having a monarch Germany No
94%
countries in Asia Israel Yes
93%
countries in Asia Seychelles No
93%
countries having a monarch Denmark Yes
92%
countries in Asia East Timor Yes
92%
countries having a monarch Monaco Yes
90%
countries which are bigger than Ecuador Peru Yes
90%
countries with French as official language Canada Yes
88%
countries with French as official language Monaco Yes
88%
countries with green in their flag Mexico Yes
86%
countries with French as official language Papua New Guinea No
84%
countries with French as official language Switzerland Yes
84%
countries which are bigger than Ecuador Finland Yes
81%
countries with green in their flag Indonesia No
81%
countries which are bigger than Ecuador Uruguay No
81%
countries with green in their flag Tonga No
79%
countries having a monarch Thailand Yes
78%
countries having a monarch Japan Yes
75%
countries with French as official language Haiti Yes
74%
countries with green in their flag Mali Yes
72%
countries with green in their flag Turkmenistan Yes
71%
countries with French as official language Cameroon Yes
65%
countries with green in their flag Bolivia Yes
63%
countries with French as official language Mali Yes
61%
countries which are bigger than Ecuador Cameroon Yes
60%
countries with green in their flag Lesotho Yes
54%
countries which are bigger than Ecuador New Zealand No
52%
countries having a monarch Australia Yes
50%
countries which are bigger than Ecuador UK No
43%
countries which are bigger than Ecuador Oman Yes
41%
countries which are bigger than Ecuador Romania No
39%
countries having a monarch Grenada Yes
24%
countries with French as official language Vanuatu Yes
21%
No matching quizzes found
Score Distribution
Percent of People with Each Score
Percentile by Number Answered
Your Score History
You have not taken this quiz